[Event "OP-2016-0-04051"]
[Site "LSS email"]
[Date "2016.05.21"]
[Round "?"]
[White "Schenning, Albert"]
[Black "Soreghy, Janos"]
[Result "1-0"]
[WhiteElo "2179"]
[BlackElo "1592"]
[PlyCount "53"]
[EventDate "2016.05.17"]
[EventType "tourn (corr)"]
[EventRounds "4"]
[EventCountry "GER"]
[SourceTitle "Corr 2022"]
[Source "ChessBase"]
[SourceDate "2021.10.24"]
[SourceVersion "1"]
[SourceVersionDate "2021.10.24"]
[SourceQuality "1"]

1. e4 c5 2. Nf3 d6 3. d4 cxd4 4. Nxd4 Nf6 5. Nc3 a6 6. Bg5 e6 7. f4 h6 8. Bh4 Be7 9. Qf3 Bd7 10. 0-0-0 Nc6 11. e5 Nxd4 12. Rxd4 Bc6 13. Qd1 Nd5 14. Bxe7 Qxe7 15. Nxd5 Bxd5 16. exd6 Qxd6 17. Bc4 0-0 18. Bxd5 exd5 19. Qf3 Rad8 20. Rhd1 Qg6 21. Rxd5 Rxd5 22. Rxd5 Re8 23. g3 Qb6 24. Rd1 Re3 25. Qg4 Re8 26. Qd7 Qe3+ 27. Kb1 1-0

[Event "OP-2016-0-04051"]
[Site "LSS email"]
[Date "2016.05.21"]
[Round "?"]
[White "Soreghy, Janos"]
[Black "Goti, Javier"]
[Result "0-1"]
[WhiteElo "1592"]
[BlackElo "476"]
[PlyCount "42"]
[EventDate "2016.05.17"]
[EventType "tourn (corr)"]
[EventRounds "4"]
[EventCountry "GER"]
[SourceTitle "Corr 2022"]
[Source "ChessBase"]
[SourceDate "2021.10.24"]
[SourceVersion "1"]
[SourceVersionDate "2021.10.24"]
[SourceQuality "1"]

1. c4 Nf6 2. d4 e6 3. Nc3 Bb4 4. Nf3 0-0 5. e3 Ne4 6. Qc2 Nc6 7. Qxe4 Re8 8. Bd2 d5 9. Qc2 a6 10. Bd3 a5 11. Bxh7+ Kf8 12. Bd3 e5 13. cxd5 Bxc3 14. bxc3 exd4 15. dxc6 dxe3 16. Bxe3 Bg4 17. cxb7 Rb8 18. Be4 f5 19. Bc6 Re6 20. Qa4 Bxf3 21. Bxf3 Qd3 0-1

[Event "OP-2016-0-04051"]
[Site "LSS email"]
[Date "2016.05.21"]
[Round "?"]
[White "Soreghy, Janos"]
[Black "Raluy, Marcos"]
[Result "1/2-1/2"]
[WhiteElo "1592"]
[BlackElo "1395"]
[PlyCount "36"]
[EventDate "2016.05.17"]
[EventType "tourn (corr)"]
[EventRounds "4"]
[EventCountry "GER"]
[SourceTitle "Corr 2022"]
[Source "ChessBase"]
[SourceDate "2021.10.24"]
[SourceVersion "1"]
[SourceVersionDate "2021.10.24"]
[SourceQuality "1"]

1. c4 e6 2. Nc3 d5 3. d4 c5 4. e3 Nc6 5. Nf3 Nf6 6. Be2 Be7 7. 0-0 0-0 8. h3 b6 9. b3 Bb7 10. cxd5 exd5 11. Bb2 Rc8 12. Rc1 Bd6 13. Nb5 Ne4 14. Nd2 cxd4 15. Nxd4 Nxd4 16. Bxd4 Rxc1 17. Qxc1 Qe7 18. Qb2 f6 1/2-1/2

[Event "SD-2016-0-00256"]
[Site "LSS email"]
[Date "2016.05.09"]
[Round "?"]
[White "Cole, Steve"]
[Black "Soreghy, Janos"]
[Result "1-0"]
[WhiteElo "1470"]
[BlackElo "1621"]
[PlyCount "29"]
[EventDate "2016.02.27"]
[EventType "tourn (corr)"]
[EventRounds "6"]
[EventCountry "GER"]
[SourceTitle "Corr 2022"]
[Source "ChessBase"]
[SourceDate "2021.10.24"]
[SourceVersion "1"]
[SourceVersionDate "2021.10.24"]
[SourceQuality "1"]

1. e4 e5 2. Nf3 Nc6 3. Bc4 Bc5 4. 0-0 Nf6 5. d3 0-0 6. c3 d6 7. b4 Bb6 8. a4 a5 9. b5 Ne7 10. Bg5 Ng6 11. Nh4 Nxh4 12. Bxh4 Be6 13. Nd2 Qe7 14. Qf3 h6 15. Bxf6 1-0

[Event "SD-2016-0-00256"]
[Site "LSS email"]
[Date "2016.05.09"]
[Round "?"]
[White "Soreghy, Janos"]
[Black "Henke, Simon"]
[Result "0-1"]
[WhiteElo "1621"]
[BlackElo "1508"]
[PlyCount "36"]
[EventDate "2016.02.27"]
[EventType "tourn (corr)"]
[EventRounds "6"]
[EventCountry "GER"]
[SourceTitle "Corr 2022"]
[Source "ChessBase"]
[SourceDate "2021.10.24"]
[SourceVersion "1"]
[SourceVersionDate "2021.10.24"]
[SourceQuality "1"]

1. c4 c5 2. Nf3 g6 3. Nc3 Bg7 4. g3 b6 5. Bg2 Bb7 6. 0-0 d6 7. d3 e5 8. Re1 Ne7 9. Qa4+ Bc6 10. Qb3 0-0 11. a4 Na6 12. e4 Nb4 13. Nd5 a5 14. Bd2 f5 15. Ng5 Bd7 16. exf5 Nbxd5 17. cxd5 Nxf5 18. Ne6 Nd4 0-1

[Event "SC-2016-0-00288"]
[Site "LSS email"]
[Date "2016.04.22"]
[Round "?"]
[White "Sensabaugh, Gene"]
[Black "Soreghy, Janos"]
[Result "1-0"]
[WhiteElo "1609"]
[BlackElo "1625"]
[PlyCount "41"]
[EventDate "2016.02.05"]
[EventType "tourn (corr)"]
[EventRounds "6"]
[EventCountry "GER"]
[SourceTitle "Corr 2022"]
[Source "ChessBase"]
[SourceDate "2021.10.24"]
[SourceVersion "1"]
[SourceVersionDate "2021.10.24"]
[SourceQuality "1"]

1. e4 e5 2. Nf3 Nc6 3. Bb5 a6 4. Ba4 Nf6 5. 0-0 b5 6. Bb3 Be7 7. Re1 0-0 8. c3 d5 9. exd5 Nxd5 10. Nxe5 Nxe5 11. Rxe5 c6 12. d4 Bd6 13. Re1 Re8 14. Rxe8+ Qxe8 15. Nd2 Bf5 16. a4 Nf4 17. Nf3 Ne2+ 18. Kh1 Nxc1 19. Qxc1 Qe2 20. axb5 Qxb5 21. Bc2 1-0

[Event "OP-2016-0-04020"]
[Site "LSS email"]
[Date "2016.04.19"]
[Round "?"]
[White "Zeitler, Karl"]
[Black "Soreghy, Janos"]
[Result "1-0"]
[WhiteElo "1900"]
[BlackElo "1590"]
[PlyCount "53"]
[EventDate "2016.04.12"]
[EventType "tourn (corr)"]
[EventRounds "4"]
[EventCountry "GER"]
[SourceTitle "Corr 2022"]
[Source "ChessBase"]
[SourceDate "2021.10.24"]
[SourceVersion "1"]
[SourceVersionDate "2021.10.24"]
[SourceQuality "1"]

1. c4 e5 2. Nc3 Nc6 3. g3 Nf6 4. Bg2 Bc5 5. e3 0-0 6. Nge2 d6 7. d4 Bb6 8. 0-0 Bg4 9. h3 Bd7 10. b3 Re8 11. Bb2 Qc8 12. Kh2 exd4 13. exd4 h6 14. Na4 Bf5 15. c5 Ba5 16. a3 dxc5 17. Nxc5 Bb6 18. Nf4 a6 19. b4 Rb8 20. Rc1 Bxc5 21. Rxc5 Na7 22. d5 b6 23. Bxf6 bxc5 24. Nh5 gxf6 25. Qa1 Re7 26. Nxf6+ Kf8 27. Nh5 1-0

[Event "OP-2016-0-04000"]
[Site "LSS email"]
[Date "2016.03.30"]
[Round "?"]
[White "Ausan, Leo Tito Jr"]
[Black "Soreghy, Janos"]
[Result "1-0"]
[WhiteElo "1254"]
[BlackElo "1623"]
[PlyCount "89"]
[EventDate "2016.03.26"]
[EventType "tourn (corr)"]
[EventRounds "4"]
[EventCountry "GER"]
[SourceTitle "Corr 2022"]
[Source "ChessBase"]
[SourceDate "2021.10.24"]
[SourceVersion "1"]
[SourceVersionDate "2021.10.24"]
[SourceQuality "1"]

1. e4 c5 2. Nf3 Nc6 3. Bb5 g6 4. 0-0 Bg7 5. c3 Nf6 6. e5 Nd5 7. d4 cxd4 8. cxd4 0-0 9. Nc3 Nxc3 10. bxc3 d6 11. Bf4 dxe5 12. Nxe5 Nxe5 13. Bxe5 Bxe5 14. dxe5 Qc7 15. Qd4 Be6 16. f4 Rfd8 17. Qe3 Rac8 18. Rf3 Qa5 19. a4 a6 20. Bf1 b5 21. f5 Bxf5 22. Rxf5 gxf5 23. Qg5+ Kh8 24. Qxe7 Qb6+ 25. Kh1 Qe6 26. Qxe6 fxe6 27. axb5 axb5 28. Bxb5 Rxc3 29. h3 Rc5 30. Be2 Rxe5 31. Bf3 Kg7 32. Ra7+ Kg6 33. Kg1 Rd2 34. Kf1 Re3 35. h4 Rc3 36. Kg1 Rd6 37. h5+ Kg5 38. Rxh7 e5 39. Rg7+ Kf4 40. Rg6 Rd8 41. Be2 Rd2 42. h6 Rxe2 43. h7 Rc1+ 44. Kh2 Ree1 45. g4 1-0

[Event "SC-2016-0-00285"]
[Site "LSS email"]
[Date "2016.02.25"]
[Round "?"]
[White "Soreghy, Janos"]
[Black "Correa de Almeida, Claudio"]
[Result "1-0"]
[WhiteElo "1608"]
[BlackElo "1526"]
[PlyCount "73"]
[EventDate "2016.01.05"]
[EventType "tourn (corr)"]
[EventRounds "6"]
[EventCountry "GER"]
[SourceTitle "Corr 2022"]
[Source "ChessBase"]
[SourceDate "2021.10.24"]
[SourceVersion "1"]
[SourceVersionDate "2021.10.24"]
[SourceQuality "1"]

1. d4 Nf6 2. c4 c5 3. d5 g6 4. Nc3 Bg7 5. e4 0-0 6. Nf3 e6 7. Bd3 exd5 8. cxd5 d6 9. h3 b5 10. Nxb5 Re8 11. 0-0 Nxe4 12. Re1 a6 13. Na3 Nf6 14. Rxe8+ Nxe8 15. Bg5 Bf6 16. h4 Bg4 17. Qd2 Bxf3 18. gxf3 Nd7 19. Nc4 Ne5 20. Nxe5 dxe5 21. Qe3 Rb8 22. b3 Qxd5 23. Rc1 Qd6 24. Rxc5 Bg7 25. Ra5 Nc7 26. Bc4 Re8 27. Qe4 Rb8 28. Be3 Qd7 29. h5 Qd6 30. h6 Bf6 31. Rc5 Nb5 32. Rc6 Qd1+ 33. Kg2 Nd6 34. Be2 Qxe2 35. Rxd6 Bh8 36. Qd5 Qb5 37. Rd8+ 1-0

[Event "BI-2016-F-0000"]
[Site "LSS email"]
[Date "2016.02.14"]
[Round "?"]
[White "Bieszk, Stanislaw"]
[Black "Soreghy, Janos"]
[Result "0-1"]
[WhiteElo "953"]
[BlackElo "1628"]
[PlyCount "32"]
[EventDate "2016.02.20"]
[EventType "tourn (corr)"]
[EventRounds "10"]
[EventCountry "GER"]
[SourceTitle "Corr 2022"]
[Source "ChessBase"]
[SourceDate "2021.10.24"]
[SourceVersion "1"]
[SourceVersionDate "2021.10.24"]
[SourceQuality "1"]

1. e4 e5 2. Nf3 Nc6 3. Bb5 a6 4. Bxc6 dxc6 5. 0-0 f6 6. Nc3 Bg4 7. h3 Bh5 8. d3 Bd6 9. Qe2 Ne7 10. Be3 0-0 11. d4 exd4 12. Bxd4 Ng6 13. Rad1 Qc8 14. Qc4+ Kh8 15. Nd2 b5 16. Qxc6 Ne7 0-1

[Event "BI-2016-F-0000"]
[Site "LSS email"]
[Date "2016.02.14"]
[Round "?"]
[White "Demetriades, Jenny"]
[Black "Soreghy, Janos"]
[Result "1-0"]
[WhiteElo "1704"]
[BlackElo "1628"]
[PlyCount "75"]
[EventDate "2016.02.20"]
[EventType "tourn (corr)"]
[EventRounds "10"]
[EventCountry "GER"]
[SourceTitle "Corr 2022"]
[Source "ChessBase"]
[SourceDate "2021.10.24"]
[SourceVersion "1"]
[SourceVersionDate "2021.10.24"]
[SourceQuality "1"]

1. d4 Nf6 2. Nf3 e6 3. g3 b5 4. a4 b4 5. Bg2 Bb7 6. Nbd2 Be7 7. 0-0 0-0 8. Re1 d5 9. Nb3 a5 10. Ne5 Nbd7 11. Nd3 Bd6 12. c3 bxc3 13. bxc3 Ba6 14. Nxa5 c5 15. dxc5 Nxc5 16. Nxc5 Bxc5 17. Nb3 Bd6 18. Nd4 Bc4 19. Bg5 h6 20. Bxf6 Qxf6 21. e4 e5 22. Nf5 Bc5 23. Ne3 Bxe3 24. Rxe3 dxe4 25. Rxe4 Rac8 26. a5 Ba6 27. Qe1 Rc5 28. Rb4 Qd8 29. Rb6 Qc8 30. Bf1 Bxf1 31. Qxf1 Qc7 32. Qb1 Rxc3 33. a6 Rc1+ 34. Qxc1 Qxb6 35. a7 Qb7 36. Qb1 Qa8 37. Qb6 Rc8 38. Rb1 1-0

[Event "BI-2016-F-0000"]
[Site "LSS email"]
[Date "2016.02.14"]
[Round "?"]
[White "Shapovalov, Sergey"]
[Black "Soreghy, Janos"]
[Result "1/2-1/2"]
[WhiteElo "1748"]
[BlackElo "1628"]
[PlyCount "60"]
[EventDate "2016.02.20"]
[EventType "tourn (corr)"]
[EventRounds "10"]
[EventCountry "GER"]
[SourceTitle "Corr 2022"]
[Source "ChessBase"]
[SourceDate "2021.10.24"]
[SourceVersion "1"]
[SourceVersionDate "2021.10.24"]
[SourceQuality "1"]

1. e4 e6 2. d4 d5 3. Nc3 Bb4 4. e5 c5 5. a3 Bxc3+ 6. bxc3 Ne7 7. Qg4 Qc7 8. Qxg7 Rg8 9. Qxh7 cxd4 10. Ne2 Nbc6 11. f4 Bd7 12. Qd3 dxc3 13. Nxc3 a6 14. Ne2 Nf5 15. h3 Na5 16. g4 Bb5 17. Qc3 Qxc3+ 18. Nxc3 Bxf1 19. Rxf1 Nd4 20. Ra2 Rh8 21. Rh1 Rc8 22. Ne2 Rxc2 23. Rxc2 Nxc2+ 24. Kd1 Na1 25. Bd2 N1b3 26. Bxa5 Nxa5 27. h4 Kf8 28. Rh3 Kg7 29. Ng3 Rc8 30. Nh5+ Kh6 1/2-1/2

[Event "BI-2016-F-0000"]
[Site "LSS email"]
[Date "2016.02.14"]
[Round "?"]
[White "Soreghy, Janos"]
[Black "Glowinski, Daniel"]
[Result "0-1"]
[WhiteElo "1628"]
[BlackElo "1458"]
[PlyCount "94"]
[EventDate "2016.02.20"]
[EventType "tourn (corr)"]
[EventRounds "10"]
[EventCountry "GER"]
[SourceTitle "Corr 2022"]
[Source "ChessBase"]
[SourceDate "2021.10.24"]
[SourceVersion "1"]
[SourceVersionDate "2021.10.24"]
[SourceQuality "1"]

1. Nf3 Nf6 2. c4 e6 3. Nc3 d5 4. d4 Nc6 5. a3 Be7 6. Bg5 0-0 7. e3 h6 8. Bh4 b6 9. Bd3 dxc4 10. Bxc4 Bb7 11. 0-0 Na5 12. Be2 Nd5 13. Bxe7 Qxe7 14. Rc1 Nf6 15. Qa4 Nc6 16. Ba6 Bxa6 17. Qxa6 Qd7 18. Rfd1 Qc8 19. Qc4 Na5 20. Qa2 Qb7 21. b4 Nc6 22. d5 exd5 23. Nxd5 Nxd5 24. Qxd5 Rad8 25. Qe4 Rxd1+ 26. Rxd1 Nd8 27. Qc4 Ne6 28. Ne5 Rd8 29. Rxd8+ Nxd8 30. f4 c6 31. Kf2 Qc7 32. b5 c5 33. Qd5 Qe7 34. g3 Ne6 35. a4 g6 36. Ke2 Kg7 37. Nc6 Qb7 38. Qe5+ Kh7 39. f5 gxf5 40. Qxf5+ Kg7 41. Qe5+ Kh7 42. Qb8 Qxb8 43. Nxb8 Kg6 44. Nc6 c4 45. Ne5+ Kf6 46. Nxc4 Nc5 47. Nb2 Kg5 0-1

[Event "BI-2016-F-0000"]
[Site "LSS email"]
[Date "2016.02.14"]
[Round "?"]
[White "Soreghy, Janos"]
[Black "Gyimesi, Jeno"]
[Result "0-1"]
[WhiteElo "1628"]
[BlackElo "1863"]
[PlyCount "80"]
[EventDate "2016.02.20"]
[EventType "tourn (corr)"]
[EventRounds "10"]
[EventCountry "GER"]
[SourceTitle "Corr 2022"]
[Source "ChessBase"]
[SourceDate "2021.10.24"]
[SourceVersion "1"]
[SourceVersionDate "2021.10.24"]
[SourceQuality "1"]

1. d4 Nf6 2. c4 e6 3. Nf3 d5 4. Nc3 Bb4 5. Bg5 c6 6. Qb3 Qa5 7. Bd2 dxc4 8. Qxc4 Be7 9. e4 b5 10. Qb3 b4 11. e5 bxc3 12. Bxc3 Qd5 13. exf6 gxf6 14. Bc4 Qe4+ 15. Kf1 Nd7 16. Re1 Qf5 17. Qd1 Bb7 18. h3 Nb6 19. Bd3 Qh5 20. a4 Rd8 21. a5 Nd5 22. Qb3 Nf4 23. Qxb7 Nxd3 24. Re3 Nf4 25. Qxc6+ Kf8 26. Bd2 Nd5 27. Rb3 Kg7 28. h4 Rhg8 29. Rh3 Kh8 30. Rb7 Bd6 31. Ne1 Rg4 32. Qc4 Rxh4 33. Qd3 a6 34. Rxh4 Qxh4 35. Qh3 Qxd4 36. Rxf7 Qc4+ 37. Kg1 Qe4 38. Qh6 Qg6 39. Qxg6 hxg6 40. Ra7 Nc7 0-1

[Event "SC-2016-0-00283"]
[Site "LSS email"]
[Date "2016.01.29"]
[Round "?"]
[White "Schmidt, Johannes"]
[Black "Soreghy, Janos"]
[Result "1-0"]
[WhiteElo "1663"]
[BlackElo "1637"]
[PlyCount "43"]
[EventDate "2015.12.20"]
[EventType "tourn (corr)"]
[EventRounds "6"]
[EventCountry "GER"]
[SourceTitle "Corr 2022"]
[Source "ChessBase"]
[SourceDate "2021.10.24"]
[SourceVersion "1"]
[SourceVersionDate "2021.10.24"]
[SourceQuality "1"]

1. e4 c5 2. Nf3 d6 3. d4 cxd4 4. Nxd4 Nf6 5. Nc3 a6 6. Be3 e6 7. Be2 Be7 8. f4 Nc6 9. g4 d5 10. e5 Nd7 11. g5 Nxd4 12. Qxd4 Bc5 13. Qd2 b5 14. Bxc5 Nxc5 15. Qd4 Qc7 16. h4 b4 17. Qxb4 Rb8 18. Qa3 d4 19. Rh3 Qb6 20. 0-0-0 dxc3 21. Rxc3 Nd7 22. Bf3 1-0

[Event "SC-2016-0-00283"]
[Site "LSS email"]
[Date "2016.01.28"]
[Round "?"]
[White "Soreghy, Janos"]
[Black "Almeraya, Eduardo"]
[Result "0-1"]
[WhiteElo "1637"]
[BlackElo "2016"]
[PlyCount "60"]
[EventDate "2015.12.20"]
[EventType "tourn (corr)"]
[EventRounds "6"]
[EventCountry "GER"]
[SourceTitle "Corr 2022"]
[Source "ChessBase"]
[SourceDate "2021.10.24"]
[SourceVersion "1"]
[SourceVersionDate "2021.10.24"]
[SourceQuality "1"]

1. Nf3 Nf6 2. c4 c5 3. Nc3 e6 4. g3 Nc6 5. Bg2 d5 6. cxd5 Nxd5 7. 0-0 Be7 8. d4 0-0 9. e4 Nb6 10. d5 exd5 11. exd5 Nb4 12. Ne1 c4 13. a3 Na6 14. a4 Nc5 15. Bf4 a5 16. d6 Bf6 17. Be3 Nb3 18. Ra2 Bd7 19. Qc2 Bxc3 20. bxc3 Nxa4 21. Bxb7 g6 22. Bxa8 Qxa8 23. g4 Qc6 24. h3 Qxd6 25. Nf3 Qd5 26. Nd4 Rd8 27. f3 Re8 28. Bf2 Nac5 29. Rd1 a4 30. Kg2 Nd3 0-1

[Event "SC-2016-0-00283"]
[Site "LSS email"]
[Date "2016.01.28"]
[Round "?"]
[White "Soreghy, Janos"]
[Black "Kraujunas, Vladas"]
[Result "0-1"]
[WhiteElo "1637"]
[BlackElo "1668"]
[PlyCount "64"]
[EventDate "2015.12.20"]
[EventType "tourn (corr)"]
[EventRounds "6"]
[EventCountry "GER"]
[SourceTitle "Corr 2022"]
[Source "ChessBase"]
[SourceDate "2021.10.24"]
[SourceVersion "1"]
[SourceVersionDate "2021.10.24"]
[SourceQuality "1"]

1. Nf3 Nf6 2. c4 g6 3. Nc3 Bg7 4. e4 d6 5. d4 0-0 6. Be2 e5 7. 0-0 Nc6 8. Be3 Ng4 9. Bg5 f6 10. Bh4 g5 11. Bg3 h5 12. d5 Ne7 13. h3 Nh6 14. Qb3 Ng6 15. c5 h4 16. Bh2 g4 17. hxg4 Nxg4 18. Bc4 h3 19. cxd6 cxd6 20. Bg3 hxg2 21. Kxg2 f5 22. Rh1 f4 23. Bh4 Nxh4+ 24. Nxh4 Qg5 25. Kf1 f3 26. Nd1 Qf4 27. Ne3 Rf6 28. Nxg4 Qxg4 29. Rh2 Bh6 30. Qd1 Kg7 31. Nxf3 Qxf3 32. Qxf3 Rxf3 0-1

[Event "OP-2016-0-03925"]
[Site "LSS email"]
[Date "2016.01.13"]
[Round "?"]
[White "Jacon, Marcel"]
[Black "Soreghy, Janos"]
[Result "0-1"]
[WhiteElo "1829"]
[BlackElo "1608"]
[PlyCount "76"]
[EventDate "2016.01.07"]
[EventType "tourn (corr)"]
[EventRounds "4"]
[EventCountry "GER"]
[SourceTitle "Corr 2022"]
[Source "ChessBase"]
[SourceDate "2021.10.24"]
[SourceVersion "1"]
[SourceVersionDate "2021.10.24"]
[SourceQuality "1"]

1. e4 c5 2. Nf3 d6 3. Bb5+ Bd7 4. Bxd7+ Nxd7 5. d3 g6 6. 0-0 Ngf6 7. Re1 Bg7 8. Nc3 0-0 9. Bg5 Qb6 10. a4 Ne5 11. Nxe5 dxe5 12. b3 Rfd8 13. Nb5 Rd7 14. Na3 Qc6 15. Nc4 Ne8 16. h4 h5 17. g4 hxg4 18. Qxg4 Nd6 19. Nd2 f5 20. Qh3 Kh7 21. Rad1 Rad8 22. h5 Rh8 23. Bh4 Bf6 24. hxg6+ Kg7 25. Nf3 Rdd8 26. Bxf6+ exf6 27. Nh4 Rh6 28. Nxf5+ Nxf5 29. Qxf5 Rxg6+ 30. Kf1 Rg5 31. Qf3 f5 32. Qe3 f4 33. Qf3 Qg6 34. Ke2 Kf8 35. Qh3 Rh5 36. Rg1 Qf7 37. Qg2 Ke7 38. Qg7 Rd6 0-1

[Event "OP-2016-0-03925"]
[Site "LSS email"]
[Date "2016.01.13"]
[Round "?"]
[White "Smaga, Aleksandr"]
[Black "Soreghy, Janos"]
[Result "1-0"]
[WhiteElo "1863"]
[BlackElo "1608"]
[PlyCount "73"]
[EventDate "2016.01.07"]
[EventType "tourn (corr)"]
[EventRounds "4"]
[EventCountry "GER"]
[SourceTitle "Corr 2022"]
[Source "ChessBase"]
[SourceDate "2021.10.24"]
[SourceVersion "1"]
[SourceVersionDate "2021.10.24"]
[SourceQuality "1"]

1. d4 d5 2. c4 c6 3. Nf3 Nf6 4. Nc3 e6 5. e3 Nbd7 6. Be2 Be7 7. 0-0 0-0 8. Qc2 b6 9. b3 Bb7 10. Bb2 Rc8 11. Bd3 Bd6 12. e4 dxe4 13. Nxe4 Nxe4 14. Bxe4 g6 15. Rfe1 Nf6 16. Bd3 c5 17. d5 exd5 18. cxd5 c4 19. bxc4 Nxd5 20. Rad1 b5 21. Ba1 Nb4 22. Qb2 f6 23. cxb5 Qd7 24. Bb1 Bxf3 25. gxf3 Rc5 26. Qb3+ Rf7 27. f4 Rxb5 28. Qf3 Rh5 29. Kh1 Kg7 30. a3 Rh3 31. Qg2 Rxa3 32. f5 Rxa1 33. fxg6 Rxb1 34. gxf7+ Kxf7 35. Rxb1 Qc6 36. Re4 f5 37. Rexb4 1-0

[Event "OP-2016-0-03925"]
[Site "LSS email"]
[Date "2016.01.13"]
[Round "?"]
[White "Soreghy, Janos"]
[Black "Fontaine, Carlos"]
[Result "1-0"]
[WhiteElo "1608"]
[BlackElo "1339"]
[PlyCount "23"]
[EventDate "2016.01.07"]
[EventType "tourn (corr)"]
[EventRounds "4"]
[EventCountry "GER"]
[SourceTitle "Corr 2022"]
[Source "ChessBase"]
[SourceDate "2021.10.24"]
[SourceVersion "1"]
[SourceVersionDate "2021.10.24"]
[SourceQuality "1"]

1. c4 e6 2. d4 f5 3. g3 c6 4. Nf3 Nf6 5. Bg2 d5 6. b3 Bd6 7. 0-0 0-0 8. Nc3 Nbd7 9. Qc2 a5 10. Ne1 b6 11. cxd5 cxd5 12. Nb5 1-0

[Event "OP-2015-0-03906"]
[Site "LSS email"]
[Date "2015.12.26"]
[Round "?"]
[White "Cerne, Peter"]
[Black "Soreghy, Janos"]
[Result "1-0"]
[WhiteElo "1363"]
[BlackElo "1637"]
[PlyCount "89"]
[EventDate "2015.12.19"]
[EventType "tourn (corr)"]
[EventRounds "4"]
[EventCountry "GER"]
[SourceTitle "Corr 2022"]
[Source "ChessBase"]
[SourceDate "2021.10.24"]
[SourceVersion "1"]
[SourceVersionDate "2021.10.24"]
[SourceQuality "1"]

1. e4 e5 2. Nf3 Nc6 3. Bb5 a6 4. Ba4 Nf6 5. 0-0 Be7 6. Re1 b5 7. Bb3 0-0 8. h3 Bb7 9. d3 d6 10. a3 Re8 11. Nbd2 Qd7 12. Nf1 d5 13. exd5 Nxd5 14. Bd2 h6 15. Nxe5 Nxe5 16. Rxe5 Bf6 17. Rxe8+ Rxe8 18. c3 Nb6 19. d4 Qc6 20. Qg4 h5 21. d5 Qxc3 22. Bxc3 hxg4 23. Bxf6 gxf6 24. Ne3 gxh3 25. Rc1 Rd8 26. gxh3 Nxd5 27. Bxd5 Bxd5 28. Rxc7 Be6 29. h4 Rd4 30. Ra7 b4 31. Rxa6 b3 32. Ra8+ Kh7 33. a4 Rd2 34. a5 Rxb2 35. a6 f5 36. a7 Ra2 37. f4 Kg7 38. Kf1 Bd7 39. Ke1 b2 40. Rb8 Bc6 41. Nd1 Rxa7 42. Nxb2 Ra3 43. Nc4 Rh3 44. Nd6 Rxh4 45. Nxf5+ 1-0

[Event "SC-2015-0-00274"]
[Site "LSS email"]
[Date "2015.10.17"]
[Round "?"]
[White "Moreira, Carlos"]
[Black "Soreghy, Janos"]
[Result "1-0"]
[WhiteElo "1724"]
[BlackElo "1675"]
[PlyCount "89"]
[EventDate "2015.08.29"]
[EventType "tourn (corr)"]
[EventRounds "6"]
[EventCountry "GER"]
[SourceTitle "Corr 2022"]
[Source "ChessBase"]
[SourceDate "2021.10.24"]
[SourceVersion "1"]
[SourceVersionDate "2021.10.24"]
[SourceQuality "1"]

1. d4 Nf6 2. Nf3 d5 3. c4 e6 4. g3 dxc4 5. Bg2 Nc6 6. Qa4 Bb4+ 7. Bd2 Nd5 8. Bxb4 Ndxb4 9. 0-0 Rb8 10. Nc3 a6 11. Ne5 0-0 12. Nxc6 Nxc6 13. Bxc6 bxc6 14. Rfd1 Rxb2 15. Qxc6 Qd6 16. Qxc4 Bd7 17. Rab1 Rfb8 18. Rxb2 Rxb2 19. d5 Rb4 20. Qd3 f5 21. Qc2 e5 22. Rb1 a5 23. a3 Rc4 24. Qb3 Qc5 25. Rc1 a4 26. Qb8+ Kf7 27. Qd8 Be8 28. Qc8 Rxc3 29. Qxf5+ Kg8 30. Qe6+ Kf8 31. Qf5+ Bf7 32. Qc8+ Ke7 33. d6+ Kf6 34. Rxc3 Qxc3 35. dxc7 Qc1+ 36. Kg2 Qc6+ 37. Kg1 Be6 38. Qd8+ Kf7 39. f3 Qc5+ 40. Kg2 h5 41. Qb8 e4 42. Qb7 exf3+ 43. exf3 Qc2+ 44. Kg1 Qc4 45. c8Q+ 1-0

[Event "SC-2015-0-00274"]
[Site "LSS email"]
[Date "2015.10.17"]
[Round "?"]
[White "Soreghy, Janos"]
[Black "Herzog, Agnes"]
[Result "1/2-1/2"]
[WhiteElo "1675"]
[BlackElo "1653"]
[PlyCount "59"]
[EventDate "2015.08.29"]
[EventType "tourn (corr)"]
[EventRounds "6"]
[EventCountry "GER"]
[SourceTitle "Corr 2022"]
[Source "ChessBase"]
[SourceDate "2021.10.24"]
[SourceVersion "1"]
[SourceVersionDate "2021.10.24"]
[SourceQuality "1"]

1. Nf3 f5 2. g3 Nf6 3. d4 g6 4. Bg2 Bg7 5. c4 c5 6. d5 0-0 7. Nc3 d6 8. 0-0 Na6 9. Rb1 Nc7 10. Bg5 Bd7 11. Qd3 Rb8 12. a3 b5 13. b3 h6 14. Bxf6 Bxf6 15. Rfc1 a5 16. Nd1 a4 17. cxb5 Rxb5 18. bxa4 Rxb1 19. Rxb1 Bxa4 20. e4 fxe4 21. Qxe4 Be8 22. Ne3 Qa8 23. Bf1 Bf7 24. Bc4 h5 25. Qd3 Rb8 26. Rb3 Be8 27. h4 Kg7 28. Ng5 Ba4 29. Rb1 Bd7 30. Rb3 1/2-1/2

[Event "CP-2015-P-00051"]
[Site "LSS email"]
[Date "2015.09.28"]
[Round "?"]
[White "Soreghy, Janos"]
[Black "Kraujunas, Vladas"]
[Result "1/2-1/2"]
[WhiteElo "1661"]
[BlackElo "1662"]
[PlyCount "59"]
[EventDate "2015.10.01"]
[EventType "tourn (corr)"]
[EventRounds "6"]
[EventCountry "GER"]
[SourceTitle "Corr 2022"]
[Source "ChessBase"]
[SourceDate "2021.10.24"]
[SourceVersion "1"]
[SourceVersionDate "2021.10.24"]
[SourceQuality "1"]

1. e4 c5 2. c3 e6 3. Nf3 d5 4. exd5 exd5 5. d4 Nf6 6. Bg5 Nc6 7. Bb5 h6 8. Bxf6 Qxf6 9. 0-0 Be7 10. dxc5 0-0 11. Re1 Bg4 12. Qxd5 Rfd8 13. Qe4 Bxf3 14. Qxf3 Qxf3 15. gxf3 Bxc5 16. Na3 Bxa3 17. bxa3 Rac8 18. Kg2 Rd5 19. Bf1 Ra5 20. Rad1 Rc7 21. Re8+ Kh7 22. Bc4 Rxa3 23. Rf8 Ne5 24. Bb3 g5 25. Rdd8 Rxc3 26. Bxf7 Nxf7 27. Rxf7+ Kg6 28. Rxb7 Rxf3 29. Rdd7 a5 30. Rd2 1/2-1/2